[Event "RSA-ch U14"]
[Site "Gauteng"]
[Date "2017.04.10"]
[Round "9"]
[White "Nhlapo, Xolani"]
[Black "Dheda, Khelan"]
[Result "0-1"]
[WhiteElo "1292"]
[BlackElo "1385"]
[PlyCount "76"]
[EventDate "2017.04.05"]
[EventType "swiss"]
[EventRounds "11"]
[EventCountry "RSA"]
[SourceTitle "CBM 177 Extra"]
[Source "ChessBase"]
[SourceDate "2017.04.27"]
[SourceVersion "1"]
[SourceVersionDate "2017.04.27"]
[SourceQuality "1"]

1. e4 e5 2. Nf3 Nc6 3. d4 exd4 4. Bc4 Bc5 5. c3 Nf6 6. cxd4 Bb4+ 7. Bd2 Bxd2+ 8. Nbxd2 0-0 9. 0-0 d5 10. exd5 Nxd5 11. Ne4 Bg4 12. h3 Bxf3 13. Qxf3 Nxd4 14. Qd3 Nb6 15. Rad1 Nc6 16. Qg3 Qe7 17. Bd3 Qe5 18. Qh4 h6 19. Ng3 Rfe8 20. Qg4 Qxb2 21. Nf5 Qf6 22. Bb1 Qg5 23. Qf3 Rad8 24. Rxd8 Rxd8 25. Qe4 g6 26. Ne3 Qe5 27. Qh4 h5 28. Re1 Rd4 29. f4 Qxf4 30. g4 Rd2 31. Ng2 Qf3 32. Be4 Rxg2+ 33. Kh1 Rxg4+ 34. Bxf3 Rxh4 35. Kg2 Kf8 36. Rc1 Ra4 37. Bxc6 bxc6 38. Rxc6 Rxa2+ 0-1

[Event "RSA-ch U14"]
[Site "Gauteng"]
[Date "2017.04.08"]
[Round "6"]
[White "Nevin, Timothy"]
[Black "Nhlapo, Xolani"]
[Result "1/2-1/2"]
[WhiteElo "1278"]
[BlackElo "1292"]
[PlyCount "122"]
[EventDate "2017.04.05"]
[EventType "swiss"]
[EventRounds "11"]
[EventCountry "RSA"]
[SourceTitle "CBM 177 Extra"]
[Source "ChessBase"]
[SourceDate "2017.04.27"]
[SourceVersion "1"]
[SourceVersionDate "2017.04.27"]
[SourceQuality "1"]

1. d4 Nf6 2. e3 g6 3. c4 Bg7 4. Nf3 0-0 5. Bd3 b6 6. Nc3 Bb7 7. Qe2 d6 8. b3 Nbd7 9. 0-0 c5 10. Bb2 d5 11. Rac1 a6 12. cxd5 Nxd5 13. Nxd5 Bxd5 14. e4 Bb7 15. d5 Nf6 16. Rfd1 Qc7 17. h3 Nh5 18. Bxg7 Kxg7 19. b4 Nf4 20. Qb2+ Kg8 21. bxc5 bxc5 22. Bc4 Rab8 23. Bb3 Ba8 24. Qa3 Ne2+ 25. Kh1 Nxc1 26. Rxc1 Qb6 27. Ne5 Rb7 28. Rxc5 Qd6 29. Nc4 Qf4 30. f3 Rb5 31. Rxb5 axb5 32. Nb6 Bb7 33. Qxe7 Qe3 34. Qxb7 Qc1+ 35. Kh2 Qf4+ 36. Kg1 Qe3+ 37. Kf1 Qd3+ 38. Kf2 Qd2+ 39. Kg3 Qe1+ 40. Kh2 Qc1 41. Qe7 Qf4+ 42. Kg1 Qe3+ 43. Kf1 Qxb6 44. d6 Qc5 45. e5 Qc1+ 46. Kf2 Qc8 47. e6 Qc5+ 48. Kf1 Qc1+ 49. Ke2 Qb2+ 50. Kd3 Qb1+ 51. Ke3 Qe1+ 52. Kf4 f6 53. h4 Qxh4+ 54. Ke3 Qe1+ 55. Kd3 Qb1+ 56. Ke2 Qb2+ 57. Kf1 Qc1+ 58. Kf2 Qd2+ 59. Kg3 Qe1+ 60. Kh3 g5 61. Kh2 Qe5+ 1/2-1/2

[Event "RSA-ch U14"]
[Site "Gauteng"]
[Date "2017.04.08"]
[Round "7"]
[White "Nhlapo, Xolani"]
[Black "Coetzee, Philip Paul"]
[Result "0-1"]
[WhiteElo "1292"]
[BlackElo "1205"]
[PlyCount "62"]
[EventDate "2017.04.05"]
[EventType "swiss"]
[EventRounds "11"]
[EventCountry "RSA"]
[SourceTitle "CBM 177 Extra"]
[Source "ChessBase"]
[SourceDate "2017.04.27"]
[SourceVersion "1"]
[SourceVersionDate "2017.04.27"]
[SourceQuality "1"]

1. d4 d5 2. e3 Nc6 3. f4 Bf5 4. Nf3 Nf6 5. c3 e6 6. Be2 Bd6 7. 0-0 0-0 8. Ne5 Ne4 9. Nd2 f6 10. Nxc6 bxc6 11. Nxe4 Bxe4 12. Bf3 f5 13. Bd2 c5 14. Be1 cxd4 15. Qxd4 Qe7 16. Bxe4 fxe4 17. f5 c5 18. Qd2 Kh8 19. Rd1 Qf7 20. Rf2 Qh5 21. g4 Qxg4+ 22. Kh1 Rxf5 23. Rxf5 Qxf5 24. Qg2 Qf3 25. Qxf3 exf3 26. e4 Rf8 27. Bf2 g5 28. b4 cxb4 29. cxb4 Bxb4 30. exd5 Rd8 31. Rb1 Rxd5 0-1

[Event "RSA-chT U14"]
[Site "Cape Town"]
[Date "2016.01.06"]
[Round "6.2"]
[White "Nhlapo, Xolani"]
[Black "Steyn, Roan"]
[Result "1-0"]
[WhiteElo "1196"]
[BlackElo "1223"]
[PlyCount "29"]
[EventDate "2016.01.04"]
[EventType "team-tourn"]
[EventRounds "7"]
[EventCountry "RSA"]
[SourceTitle "CBM 170 Extra"]
[Source "ChessBase"]
[SourceDate "2016.02.25"]
[SourceVersion "1"]
[SourceVersionDate "2016.02.25"]
[SourceQuality "1"]
[WhiteTeam "Johannesburg Metro"]
[BlackTeam "Ekurhuleni"]
[WhiteTeamCountry "RSA"]
[BlackTeamCountry "RSA"]

1. e4 e5 2. Nf3 Nc6 3. d4 exd4 4. Bc4 Nf6 5. e5 Nxe5 6. c3 Nxc4 7. cxd4 Ne4 8. Nc3 d5 9. 0-0 Be7 10. Re1 0-0 11. Nxe4 dxe4 12. Rxe4 Bg4 13. Rxg4 Nd6 14. h3 h6 15. Bxh6 1-0

[Event "RSA-ch U12"]
[Site "Waterkloof"]
[Date "2015.04.08"]
[Round "7"]
[White "Steyn, Roan"]
[Black "Nhlapo, Xolani"]
[Result "1-0"]
[WhiteElo "1081"]
[BlackElo "1140"]
[PlyCount "68"]
[EventDate "2015.04.04"]
[EventType "swiss"]
[EventRounds "9"]
[EventCountry "RSA"]
[SourceTitle "CBM 166 Extra"]
[Source "ChessBase"]
[SourceDate "2015.06.18"]
[SourceVersion "1"]
[SourceVersionDate "2015.06.18"]
[SourceQuality "1"]

1. e4 c5 2. Nf3 e6 3. d4 cxd4 4. Nxd4 Nf6 5. Nc3 Bb4 6. Bd2 Bxc3 7. bxc3 Nxe4 8. Bd3 d5 9. 0-0 0-0 10. f3 Nxd2 11. Qxd2 Nc6 12. Nxc6 bxc6 13. Rfd1 f5 14. Rab1 c5 15. c4 d4 16. c3 e5 17. cxd4 exd4 18. Qf4 Be6 19. Rb7 Rb8 20. Rdb1 Rxb7 21. Rxb7 Qa5 22. Qe5 Bf7 23. h4 Qd2 24. Qxf5 Qe1+ 25. Kh2 Qxh4+ 26. Kg1 Qh5 27. Rxf7 Qxf5 28. Rxf5 Rxf5 29. Bxf5 g6 30. Bc2 Kf7 31. Kf2 Ke6 32. Ke2 Ke5 33. a3 Kf4 34. Kf2 g5 1-0